zpět

Detail výsledku týmu

Music Bar Forea, Lanškroun

Datum a čas kvízu

25.5 Celkem bodů Celkový počet nahraných bodů na tomto kvízu bez doplňovacích otázek.
5. Pořadí na kvízu Konečné umístění týmu na tomto kvízu.

Zaznamenané odpovědi

# Otázka Odpověď Body Výsledky
1. 28letá česká sportovkyně se př... Šárka Pančochová 1
2. V pátek skončilo 24. světové s... jamboree 0
3. Pražské Karlovo náměstí se v ú... První pražská defenestrace 1
4. V Kolumbii byla o víkendu spuš... Coffee 0
5. Do české extraligy míří další... Adam 1
6. V tomto tématu se vydáme do sv... C 1
7. Močovina se používá jako hnoji... C 1
8. Pot vzniká ze dvou druhů žláz.... kolem bradavek 0
9. Mozkomíšní mok má nažloutlou b... ne 1
10. Původ Mléčné dráhy se váže k b... Herkules 0